000 01636nam a2200241Ia 4500
003 Ost
005 20260507075553.0
008 260507s9999||||xx |||||||||||||| ||und||
020 _a9960245314
040 _cfsecg
041 _aara
082 _a300
100 _aبالو، رونالد اتش
_eمؤلف
245 0 _aادارة اللوجستيات :
_bتخطيط وتنظيم سلسلة الامداد /
_c رونالد اتش بالو
260 _aالرياض:
_bدار المريخ للنشر,
_c2006
300 _a861 صفحة؛
_bإيضاحات ؛
_c24 سم
504 _aملاحق ص.845,مراجع ص.851
520 _aلوجيستيات الاعمال و استراتيجية اللوجيستيات و التخطيط اضافة الى المنتج اللوجيستي و الخدمة اللوجيستية للعميل و معالجة الطلبات و نظم المعلومات ,كذلك أساسيات النقل و قراراته و قراراته و كذا نظام التخزين و المناولة و التنبؤ بالمتطلبات اللوجيستية و القرارات الخاصة بسياسة المخزونو القرارات الخاصة بجدولة الامداد و المشتريات, القرارات المتعلقة بالتخزين و المناولة, القرارات الخاصة بتحديد موقع المنشآت ,عملية تخطيط الشبكة و كذا تنظيم اللوجيستيات و في الاخير الرقابة و المراجعة لللوجيستيات
653 _aالتخطيط
653 _aالرقابة
653 _aالنتظيم
942 _cكتاب
999 _c44936
_d44936